000 00442nam a2200169Ia 4500
008 131103s9999 xx 000 0 und d
020 _a143028898
_cRs. 250
040 _aLoreto College
041 _aEnglish
082 _a823.91,
_bMAD
245 _aPaddy Indian
_cCauvery Madhavan
260 _aNew Delhi
_bPenguin Books India
_c2002
300 _a237p, 19.5 cm.
650 _aFiction
700 _aMadhavan, Cauvery, auth
942 _cBK
999 _c1968
_d52447